00621cam a22002171a 4500001001300000003000400013005001700017008004100034010001700075035001900092040002300111042001200134043001200146050003200158100003300190245006500223260004300288300002000331650003500351999001700386sa 68019621 DLC20260227112719.0830414m19649999io 000 0 ind  asa 68019621  a(OCoLC)9408575 aDLCcOAUdOAUdDLC apremarc aa-io---00aLAW 1 aPoedjosoebroto, Santoso,cR.10aMasalah hukum sehari-hari /coleh R. Santoso Poedjosoebroto. aJogjakarta :bHien Hoo Sing,c[1964?]- a v. ;c22 cm. 0aLawzIndonesiaxPopular works. c88999d88999